000 00985 a2200229 4500
999 _c2773
_d2773
020 _a9783863090647
050 _aBT230 MAC 2012
100 _aMachingura, Francis
_eauthor
245 _aThe messianic feeding of the masses :
_ban analysis of John 6 in the context messianic leadership in post-colonial Zimbabwe /
_cFrancis Machingura and edited by Joachim Kugler, Lovemore Togarasei, Massiiwa R. Gunda and Eric Souga Onomo, in cooperation with Ezra Chitando and Nisbert Taringa.
264 _aBamberg :
_bUniversity of Bamberg,
_c2012
300 _a435p. :
_bill.
440 _aBible in Africa studies
500 _aIncludes bibliographical references
650 _a Food supply
_xZimbabwe
650 _aFood security
_xZimbabwe
650 _aPublic health
_xAfrica, Sub-Saharan
700 _aTogarasei, Lovemore
_eeditor
700 _aKugler, Joachim
_eeditor
700 _aGunda, Masiiwa R.
_eeditor
700 _aOnomo, Eric Souga
_eeditor
942 _2lcc
_cBK
_h230
_iMAC
_kBT